Elementary Differential Geometry

Saved in:
Bibliografiske detaljer
Hovedforfatter: O'Neill, Barrett (Author)
Format: Bog
Sprog:engelsk
Udgivet: Amsterdam Elsevier 2006
Udgivelse:2a. ed
Fag:
Tags: Tilføj Tag
Ingen Tags, Vær først til at tagge denne postø!

MARC

LEADER 00000cam a2200000 a 4500
001 UCD5504
003 CL-VaPUC
005 20230712124023.0
008 160915e20060000ne |||||||||||||||||eng|d
999 |c 366159  |d 366157 
020 |a 9780120887354 
040 |c Pontificia Universidad Católica de Valparaíso 
082 0 4 |a 516.36  |b ONE  |2 21 
100 0 |a O'Neill, Barrett  |e author  |9 589262 
245 1 0 |a Elementary Differential Geometry 
250 |a 2a. ed 
260 |a Amsterdam  |b Elsevier  |c 2006 
300 |a 503 p 
583 |a last modification  |c 20160915 16:42:00  |k Rodrigo Vera 
650 0 |a Geometría diferencial   |9 875738  |x Curvas   |x Superficies 
942 |c BK  |2 ddc 
945 |d 20160915 16:42:00  |a dcastane 
952 |0 0  |1 0  |3 erd  |4 0  |6 516_360000000000000_ONE_2006  |7 0  |8 A  |9 480209  |a BIBMAT  |b BIBMAT  |i 5341302  |l 2  |m 5  |o 516.36 ONE 2006  |p 5341302  |r 2025-01-07  |s 2024-08-05  |w 2019-11-24  |y BK  |z Catalogado en:20160915  |k MAT